000 00403nam a2200169Ia 4500
008 230524s9999 xx 000 0 und d
020 _a9788177588279
082 _a25.344
_bBUF
100 _aJohn F.Koegel Buford
245 0 _aMultimedia System
250 _a1ST
260 _aNEW DELHI
_bPearson
_c2005
300 _aVIII;463
500 _aQuantity Number: 42
650 _aComp-Sc
942 _cBK
999 _c29854
_d29854